00578nam a22001692 4500001001100000005001700011008004100028020001700069040001500086245009800101250001300199260004800212300001800260650004800278650003500326650004700361000002151120151217155232.0120620s xx 000 0 eng d a1919895451 : aKABUcKABU10aAccess to knowledge in Africa :bthe role of copyright /ceditors: C. Armstrong ... [et al.]. a1st ed. aWitwatersrand, South Africa :bIDRC,c2010. axvii, 366 p. 0aEducation Africa (Organization)@0000182414 0aCopyrightzAfrica.@0000182415 0aIntellectual propertyzAfrica.@0000182416